000 00953nam a22002417a 4500
003 UA-OsUOA
001 133053
007 ta
008 20180926b un ||||| |||| 00| 0 ukr d
090 _bS-56
942 _cMGN
040 _aUA-OsUOA
_beng
_cUA-OsUOA
_dUA-OsUOA
245 _aScientiae Educatia: jurnal pendidikan sains
_cEditor in Chief Azmi Azhari, M.Si, IAIN Syekh Nurjati Cirebon, Indonesia
955 _a1
041 _aeng
022 _a2303-1530
856 4 0 _uhttp://www.syekhnurjati.ac.id/jurnal/index.php/sceducatia/issue/view/176
520 3 _aScientiae Educatia [p-ISSN 2303-1530| e-ISSN 2527-7596] publishes a scientific paper on the result of the study and review of the literature in sphere of natural sciences education and natural sciences. This journal collaborates with Perkumpulan Pendi
520 3 _adik IPA Indonesia (PPII) / Indonesian Society for Science Educators
260 _c2017
246 3 1 _a1
_n
650 7 _2UDC
999 _c421663
_d421663